Cuidado com o menino! (Record no. 48307)

MARC details
000 -LÍDER
campo de controle de tamanho fixo 00358 a2200157 4500
001 - NÚMERO DE CONTROLE
campo de controle 48307
020 ## - ISBN - INTERNATIONAL STANDARD BOOK NUMBER
ISBN - International Standard Book Number 9788516055677
040 ## - FONTE DA CATALOGAÇÃO
Instituição que transcreveu o registro Anchieta - Bela Vista
100 ## - ENTRADA PRINCIPAL--NOME PESSOAL
Nome pessoal Blundell, Tony
240 10 - TÍTULO UNIFORME
Título uniforme Cuidado com o menino!
Idioma da obra por
245 10 - TÍTULO
Título Cuidado com o menino!
300 ## - DESCRIÇÃO FÍSICA
Extensão 38 p.
362 0# - DATAS DE PUBLICAÇÃO E/OU DESIGNAÇÃO SEQUENCIAL
Datas de publicação e/ou designação sequencial 2007
650 #4 - ASSUNTO--TERMO TÓPICO
Cabeçalho tópico ou nome geográfico Literatura infanto-juvenil
942 ## - ELEMENTOS DE ENTRADA ADICIONADOS (KOHA)
Tipo de material Koha Livros
Holdings
Situação do descarte Situação das perdas Situação física Não pode ser emprestado Biblioteca de origem Biblioteca atual Data de aquisição Total de empréstimos Número de chamada completo Código de barras Data de último acesso Data do preço efetivo Tipo de material Koha
        Canadian School of Niterói - Piratininga Canadian School of Niterói - Piratininga 09/02/2024   C10 A01895 09/02/2024 09/02/2024 Livros
        Colégio Anchieta - Bela Vista Colégio Anchieta - Bela Vista 21/11/2023   028.5 B658c BLU CUI 107/BEL 21/11/2023 21/11/2023 Livros